National accounts of OECD countries financial balance sheets 2010

Salvato in:
Dettagli Bibliografici
Natura: Libro
Lingua:inglese
Pubblicazione: Paris OECD 2011
Soggetti:
Tags: Aggiungi Tag
Nessun Tag, puoi essere il primo ad aggiungerne!!

MARC

LEADER 00000nam a2200000 4500
001 0158510
005 20240422072703.5
020 |a 978-92-64-09893-0 
022 |a 2221-4321 
041 0 |a eng 
044 |a FR 
245 1 0 |a National accounts of OECD countries  |b financial balance sheets 2010 
264 1 |a Paris  |b OECD  |c 2011 
300 |a 316 s. 
610 2 0 |a účty národné 
610 2 0 |a účtovníctvo národné 
610 2 0 |a účty finančné